000 00394nam a2200145Ia 4500
008 230917s9999||||xx |||||||||||||| ||und||
040 _e128711
_aMAIN
041 _aEnglish
082 _a810.9 S82PS
100 _aShowalter, Elaine
245 0 _aSister's choice: tradition and change in American women's writing
260 _aOxford
_bClarendon Press
_c1991
300 _a198p p.
942 _cBK
999 _c64150
_d64150